[Event "Eivissa City-chT"]
[Site "Eivissa"]
[Date "2015.04.11"]
[Round "5.1"]
[White "Mari Copa, Adria"]
[Black "Mayans, Calvo"]
[Result "1-0"]
[WhiteElo "2072"]
[BlackElo "2270"]
[PlyCount "143"]
[EventDate "2015.03.07"]
[EventType "team-tourn"]
[EventRounds "5"]
[EventCountry "ESP"]
[SourceTitle "EXT 2016"]
[Source "ChessBase"]
[SourceDate "2015.10.08"]
[SourceVersion "1"]
[SourceVersionDate "2015.10.08"]
[SourceQuality "1"]
[WhiteTeam "Ibiza Casino"]
[BlackTeam "Ibiza 64"]
[WhiteTeamCountry "ESP"]
[BlackTeamCountry "ESP"]

1. e4 Nf6 2. e5 Nd5 3. d4 d6 4. Nf3 dxe5 5. Nxe5 Bf5 6. Bd3 Bxd3 7. Qxd3 Nc6 8. Qb5 Nb6 9. 0-0 e6 10. c4 a6 11. Qb3 Nxe5 12. dxe5 Qd4 13. Qf3 Rb8 14. Na3 Bxa3 15. Qxa3 Nxc4 16. Qa4+ b5 17. Qxa6 Qxe5 18. Qc6+ Ke7 19. b3 Rb6 20. Qf3 Nd6 21. Bf4 Qf6 22. Rac1 Kd7 23. Rfd1 Rc8 24. Qg3 Qg6 25. Qf3 Qf5 26. g4 Qf6 27. Qg3 Qe7 28. Qc3 Qd8 29. Qxg7 Qg8 30. Qxg8 Rxg8 31. f3 Ra8 32. Rc2 Rba6 33. Rdd2 f6 34. Bxd6 cxd6 35. Rc5 Rxa2 36. Rxa2 Rxa2 37. Rxb5 d5 38. Rb7+ Kd6 39. Rxh7 d4 40. Kf1 d3 41. Ke1 e5 42. h4 e4 43. fxe4 Ke5 44. Rd7 Kxe4 45. h5 Rh2 46. Rd6 Rh1+ 47. Kf2 Rh3 48. b4 Rf3+ 49. Kg2 Rf4 50. Kg3 Rf3+ 51. Kg2 f5 52. Re6+ Kf4 53. gxf5 Rg3+ 54. Kf2 Rf3+ 55. Ke1 Kxf5 56. Re8 Rh3 57. Kd2 Rh4 58. h6 Kg6 59. b5 Kf7 60. Re3 Rh5 61. h7 Kg7 62. Re7+ Kf6 63. Re8 Rxh7 64. Kxd3 Re7 65. Ra8 Ke5 66. Kc4 Rc7+ 67. Kb4 Rd7 68. Kc5 Rc7+ 69. Kb6 Rd7 70. Kc6 Rd6+ 71. Kc7 Kd5 72. Ra6 1-0